000 01011nam a2200325Ia 4500
001 F6139
003 IT-RoPAU
008 130308s9999 xx 000 0 und d
040 _aIT-RoPAU
040 _cIT-RoPAU
041 _aINGLESE
100 _aAA.VV.
100 _gCodice Aut. SPICS: 12000
245 _aEncyclopedic dictionary of semiotics, tome 1 (A-M)
245 _bEncyclopedic Dictionary Of Semiotics, tome 1 (A-M)
250 _a2a ed.
260 _aBERLIN/NEW YORK
260 _bMouton De Gruyter
260 _c1994 [1° Ed.:1986 - Ed.Ling.Originale:1986]
300 _a"630 p. (prefazione: 12; testo: 618 [pagine: 0-0])"
500 _aDizionario Enciclopedico di Semiotica: seconda Edizione Riveduta e Ampliata. Primo Volume: Dalla lettera a Alla M. Supplemento in Appendice.
650 _aSEMIOLOGIA
650 _eCodice materia Spics: 3251
700 _aSebeok Thomas A.
700 _gCodice Aut. SPICS: 1388
942 _cBK
957 _71
999 _c66031
_d66031
999 _bSI
999 _g1